01199nam a2200265 a 450000100060000000300090000600800410001502000150005604000280007108200180009910000320011724500220014925000100017126000230018130000100020450503310021465000550054565000270060065000300062765000520065765000420070994200120075199900170076395201530078022739CO-ViMGA141112s2004 ck r 000 u spa d a9587110420 aCO-ViMGAbspacCO-ViMGA04a323.422 C151d1 aCamargo, Pedro Pablo92282110aEl debido proceso a4 ed. aColombia : bLeyer a372p. aOrogen - desarrollo y estatuto del debido proceso como garantia judicial universal, La proteccion internacional de las garantias judiciales, El debido proceso en colombia, Irretroactividad y favorabilidad de la ley, La justica especializada y el debido proceso, Exclusion de pruebas obtenidas en violacion del debido proceso14aADMINISTRACION DE JUSTICIA PENAL - COLOMBIA93243514aDEBIDO PROCESO 93243614aDERECHO PENAL - COLOMBIA 14aGARANTIAS PROCESALES - América LATINA 93243714aGARANTIAS PROCESALES - EUROPA 932438 2ddccBK c31037d31037 00102ddc40708002aMEVIECARbMEVIECARd2015-12-04hVolumen. 1 | 13/oct/2009l0o323.422 C151d p22739r2015-12-04 00:00:00tEj. 1w2015-12-04yBK